The neurobiology of C. Elegans (Record no. 60573)

MARC details
000 -LEADER
fixed length control field 00677nam a2200205Ia 4500
008 - FIXED-LENGTH DATA ELEMENTS--GENERAL INFORMATION
fixed length control field 191130s2006##################000#0#eng##
020 ## - INTERNATIONAL STANDARD BOOK NUMBER
ISBN 9780123668707
082 ## - DEWEY DECIMAL CLASSIFICATION NUMBER
Classification number 592.5 AAM
100 ## - MAIN ENTRY--AUTHOR NAME
Personal name Aamodt, Eric
245 ## - TITLE STATEMENT
Title The neurobiology of C. Elegans
Statement of responsibility, etc Eric Aamodt
260 ## - PUBLICATION, DISTRIBUTION, ETC. (IMPRINT)
Place of publication Amsterdam ; Boston, MA
Name of publisher Elsevier / Academic Press
Year of publication 2006
300 ## - PHYSICAL DESCRIPTION
Number of Pages xiii, 228 p., [16] p. of plates : ill. ;24 cm
500 ## - GENERAL NOTE
General note Includes bibliographical references and index
650 ## - SUBJECT ADDED ENTRY--TOPICAL TERM
Topical Term Caenorhabditis elegans -- physiology
Topical Term Nervous System Physiological Phenomena
991 ## -
-- 204320
Holdings
Withdrawn status Lost status Damaged status Not for loan Home library Current library Shelving location Date acquired Full call number Accession Number Price effective from Koha item type
        Anna Centenary Library Anna Centenary Library 5TH FLOOR, B WING 09.10.2020 592.5 AAM 348782 09.10.2020 English Books

Find us on the map